000 00544nam a2200193Ia 4500
005 20250508153200.0
008 008 250505s9999 xx 000 0 eng d
037 _aTextual
040 _aFEDL
_beng
_cFEDL
041 _aeng
_2eng
084 _a301, BIE
_qFEDL
100 _aBierstedt Robert
245 0 _aSocial order: An introduction to sociology
260 _aNew York, USA
_bMcGraw - Hill Book company, Inc.
_c1957
300 _aviii,577p
650 _aSociology
942 _cTEXL
_h301, BIE
999 _c1341091
_d1341091